[Event "28th WSCC2018 - Open 65+"]
[Site "Bled"]
[Date "2018.11.28"]
[Round "10.1"]
[White "Sveshnikov, Evgeny"]
[Black "Balashov, Yuri S"]
[Result "1/2-1/2"]
[WhiteElo "2496"]
[BlackElo "2445"]
[PlyCount "44"]
[EventDate "2018.11.18"]

1. e4 e5 2. Nf3 Nc6 3. Bc4 Nf6 4. Ng5 d5 5. exd5 Na5 6. Bb5+ c6 7. dxc6 bxc6 8.
Bd3 Nd5 9. Nf3 Bd6 10. O-O Nf4 11. Re1 Nxd3 12. cxd3 O-O 13. b4 Bxb4 14. Bb2
Qxd3 15. Nxe5 Qf5 16. Qa4 Bc5 17. d4 Bb6 18. Nd2 f6 19. Nec4 Ba6 20. Nxb6 axb6
21. Bc3 Qd5 22. Qb4 Nc4 1/2-1/2

[Event "28th WSCC2018 - Open 65+"]
[Site "Bled"]
[Date "2018.11.28"]
[Round "10.2"]
[White "Jansa, Vlastimil"]
[Black "Vogt, Lothar"]
[Result "1/2-1/2"]
[WhiteElo "2437"]
[BlackElo "2359"]
[PlyCount "27"]
[EventDate "2018.11.18"]

1. e4 c5 2. Nf3 d6 3. d4 cxd4 4. Nxd4 Nf6 5. Nc3 g6 6. g3 Bg7 7. Bg2 O-O 8. O-O
Nc6 9. Nde2 Rb8 10. a4 a6 11. Nd5 Nd7 12. c3 e6 13. Ne3 Nf6 14. Nd4 1/2-1/2

[Event "28th WSCC2018 - Open 65+"]
[Site "Bled"]
[Date "2018.11.28"]
[Round "10.3"]
[White "Rashkovsky, Nukhim N"]
[Black "Buchal, Stephan"]
[Result "1-0"]
[WhiteElo "2482"]
[BlackElo "2288"]
[PlyCount "57"]
[EventDate "2018.11.18"]

1. d4 g6 2. Nf3 Bg7 3. g3 d6 4. Bg2 Nf6 5. O-O O-O 6. a4 c6 7. a5 Nbd7 8. c4
Ne4 9. Ng5 Nxg5 10. Bxg5 h6 11. Be3 Nf6 12. Nc3 Qc7 13. h3 Bd7 14. Qd2 Kh7 15.
b4 Rfe8 16. Rfc1 Rac8 17. b5 cxb5 18. Nxb5 Bxb5 19. cxb5 Qd7 20. b6 axb6 21.
axb6 d5 22. Qa5 e6 23. Bf4 Ng8 24. e3 Rxc1+ 25. Rxc1 Rc8 26. Bc7 Bf8 27. Qa7
Bd6 28. Qxb7 Nf6 29. Bf1 1-0

[Event "28th WSCC2018 - Open 65+"]
[Site "Bled"]
[Date "2018.11.28"]
[Round "10.6"]
[White "Wahlbom, Magnus"]
[Black "Maryasin, Boris"]
[Result "1/2-1/2"]
[WhiteElo "2173"]
[BlackElo "2284"]
[PlyCount "119"]
[EventDate "2018.11.18"]

1. e4 c5 2. Nf3 Nc6 3. d4 cxd4 4. Nxd4 Qb6 5. Nb3 Nf6 6. Nc3 e6 7. a3 Qc7 8.
Be2 a6 9. O-O b5 10. f4 d6 11. Bf3 Bb7 12. Kh1 Be7 13. Be3 O-O 14. Qe1 Rac8 15.
Rd1 b4 16. axb4 Nxb4 17. Qf2 e5 18. Rd2 Ba8 19. Bb6 Qc6 20. Na5 Qe8 21. fxe5
dxe5 22. Rfd1 Nc6 23. Nxc6 Bxc6 24. Ba7 Bb4 25. Qe3 Qe6 26. Rd3 Rfe8 27. h3 h6
28. Qe2 Qe7 29. Bf2 Qb7 30. Re1 Bxc3 31. Rxc3 Qxb2 32. Rb3 Qa2 33. Rc3 Bb5 34.
Qe3 Qb2 35. Rc5 Qb4 36. c3 Qxc5 37. Qxc5 Rxc5 38. Bxc5 Rd8 39. Bb4 Bc4 40. Kh2
Rd2 41. Ra1 Nd7 42. Ra5 f6 43. Kg3 g6 44. Bg4 Bb5 45. Be6+ Kg7 46. c4 Rd3+ 47.
Kf2 Bc6 48. Rxa6 Bxe4 49. Ra7 Bf5 50. Bxf5 gxf5 51. c5 Kg6 52. c6 Nb6 53. Ba5
Nc8 54. Rc7 Nd6 55. Rd7 Ra3 56. Bb4 Ra2+ 57. Kg1 Ne8 58. Rd8 Rc2 59. Rxe8 Rxc6
60. Re7 1/2-1/2

[Event "28th WSCC2018 - Open 65+"]
[Site "Bled"]
[Date "2018.11.28"]
[Round "10.10"]
[White "Giffard, Nicolas"]
[Black "Berkovich, Mark A"]
[Result "1/2-1/2"]
[WhiteElo "2249"]
[BlackElo "2339"]
[PlyCount "44"]
[EventDate "2018.11.18"]

1. d4 Nf6 2. Nf3 b6 3. e3 Bb7 4. Bd3 d5 5. O-O e6 6. b3 Nbd7 7. Bb2 Be7 8. c4
O-O 9. Nc3 Ne4 10. Qc2 Ndf6 11. Rfd1 Nxc3 12. Bxc3 Ne4 13. Bb2 f5 14. Ne5 dxc4
15. bxc4 Qe8 16. f3 Nf6 17. e4 fxe4 18. fxe4 Bd6 19. c5 bxc5 20. dxc5 Bxe5 21.
Bxe5 Ng4 22. Bxc7 Ne3 1/2-1/2

[Event "28th WSCC2018 - Open 65+"]
[Site "Bled"]
[Date "2018.11.28"]
[Round "10.11"]
[White "Boehnisch, Manfred"]
[Black "Shirazi, Kamran"]
[Result "1-0"]
[WhiteElo "2261"]
[BlackElo "2333"]
[PlyCount "77"]
[EventDate "2018.11.18"]

1. e4 c5 2. Nf3 Nf6 3. e5 Nd5 4. Nc3 Nb4 5. a3 N4c6 6. Bc4 a6 7. a4 e6 8. O-O
d6 9. exd6 Bxd6 10. Ne4 Ne5 11. Nxd6+ Qxd6 12. Nxe5 Qxe5 13. Re1 Qf6 14. Ra3
Nc6 15. Rf3 Qd4 16. d3 O-O 17. Rg3 f5 18. Bh6 Rf7 19. Rxe6 Bxe6 20. Bxe6 g6 21.
c3 Qf6 22. Qb3 Nd8 23. Bd5 c4 24. Qxc4 b5 25. Qa2 f4 26. Rg4 Raa7 27. Rxf4 Rae7
28. h4 Qd6 29. Re4 Qf6 30. Be3 Rxe4 31. dxe4 Qxh4 32. axb5 axb5 33. Qa8 Kf8 34.
Bc5+ Kg7 35. Bxf7 Kxf7 36. Qd5+ Kg7 37. Bd4+ Kf8 38. Bc5+ Kg7 39. g3 1-0

[Event "28th WSCC2018 - Open 65+"]
[Site "Bled"]
[Date "2018.11.28"]
[Round "10.12"]
[White "Kiefer, Gerhard"]
[Black "Gal, Moshe"]
[Result "1/2-1/2"]
[WhiteElo "2306"]
[BlackElo "2116"]
[PlyCount "42"]
[EventDate "2018.11.18"]

1. e4 c5 2. Nf3 Nc6 3. d4 cxd4 4. Nxd4 g6 5. c4 Nf6 6. Nc3 d6 7. Be2 Nxd4 8.
Qxd4 Bg7 9. Be3 O-O 10. Qd2 Qa5 11. f3 Be6 12. Rc1 Rfe8 13. b3 a6 14. Nd5 Qxd2+
15. Kxd2 Bxd5 16. cxd5 Rec8 17. Bc4 Nd7 18. Rc2 b5 19. Be2 Rxc2+ 20. Kxc2 b4
21. Rc1 Nc5 1/2-1/2

[Event "28th WSCC2018 - Open 65+"]
[Site "Bled"]
[Date "2018.11.28"]
[Round "10.13"]
[White "Rooze, Jan"]
[Black "Barle, Janez"]
[Result "1-0"]
[WhiteElo "2288"]
[BlackElo "2259"]
[PlyCount "71"]
[EventDate "2018.11.18"]

1. e4 Nc6 2. Nf3 e5 3. Bc4 Be7 4. O-O d6 5. a4 Nf6 6. d3 Bg4 7. c3 a5 8. Nbd2
Qd7 9. Re1 O-O 10. h3 Be6 11. Bb5 Qc8 12. Nf1 Nd8 13. d4 c6 14. Bd3 Qc7 15. Ng3
g6 16. Bh6 Re8 17. Qd2 Nd7 18. Ng5 Bf8 19. Bxf8 Nxf8 20. f4 f6 21. Nf3 Bf7 22.
f5 Kg7 23. dxe5 dxe5 24. h4 Nd7 25. Qe2 Nc5 26. Bc4 Qb6 27. Kh1 Bxc4 28. Qxc4
Nf7 29. Red1 Rad8 30. fxg6 hxg6 31. h5 Nb3 32. Rxd8 Rxd8 33. Rf1 Rh8 34. Qe6
Nc5 35. Qe7 Nd3 36. Ng5 1-0

[Event "28th WSCC2018 - Open 65+"]
[Site "Bled"]
[Date "2018.11.28"]
[Round "10.14"]
[White "Shevelev, Arkady"]
[Black "Cicek, Cemil"]
[Result "1-0"]
[WhiteElo "2278"]
[BlackElo "1775"]
[PlyCount "101"]
[EventDate "2018.11.18"]

1. e4 e5 2. Nf3 Nc6 3. Nc3 Nf6 4. d4 exd4 5. Nxd4 Be7 6. Nxc6 dxc6 7. Qxd8+
Bxd8 8. Bf4 Be6 9. O-O-O O-O 10. f3 a6 11. Kb1 Rc8 12. g4 Be7 13. h4 b5 14. h5
h6 15. Bd3 Nh7 16. Be3 c5 17. Nd5 Bd6 18. Be2 Rfd8 19. e5 Bf8 20. Nf4 Ng5 21.
Nxe6 Nxe6 22. c3 c6 23. Bd3 Ng5 24. Bxg5 hxg5 25. Bf5 Rb8 26. Bd7 Rb6 27. e6
Be7 28. h6 f6 29. hxg7 Kxg7 30. Rd2 Rbb8 31. Rdh2 Rh8 32. Bxc6 Rxh2 33. Rxh2
Rd8 34. Be4 Rh8 35. Re2 a5 36. Kc2 Rd8 37. Rh2 Rh8 38. Rxh8 Kxh8 39. Bc6 b4 40.
Kb3 Kg7 41. Ka4 f5 42. Kxa5 Kf6 43. gxf5 Kxf5 44. Bd5 Ke5 45. c4 Kd6 46. a4 b3
47. Kb5 Bf6 48. a5 Bxb2 49. a6 Bf6 50. a7 b2 51. Be4 1-0

[Event "28th WSCC2018 - Open 65+"]
[Site "Bled"]
[Date "2018.11.28"]
[Round "10.16"]
[White "Giulian, Philip M"]
[Black "Pushkov, Nikolai"]
[Result "1/2-1/2"]
[WhiteElo "2179"]
[BlackElo "2324"]
[PlyCount "55"]
[EventDate "2018.11.18"]

1. c4 e6 2. g3 d5 3. Bg2 Nf6 4. Nf3 Be7 5. O-O O-O 6. b3 Nbd7 7. Bb2 c6 8. d3
a5 9. Nc3 Nc5 10. d4 Nce4 11. Nxe4 Nxe4 12. Nd2 Nxd2 13. Qxd2 b6 14. e4 Bb7 15.
Rfd1 Qd7 16. h4 Rfd8 17. Qe3 a4 18. Bc3 Ra7 19. cxd5 cxd5 20. e5 Ba6 21. Bb2
Rc8 22. Rac1 Rac7 23. Rxc7 Rxc7 24. Rc1 axb3 25. axb3 Rxc1+ 26. Qxc1 h6 27. Bf1
Bxf1 28. Qxf1 1/2-1/2

[Event "28th WSCC2018 - Open 65+"]
[Site "Bled"]
[Date "2018.11.28"]
[Round "10.17"]
[White "Lind, Jan-Olov"]
[Black "Karasev, Vladimir I"]
[Result "0-1"]
[WhiteElo "2215"]
[BlackElo "2314"]
[Annotator "uporabnik"]
[PlyCount "117"]
[EventDate "2018.11.18"]

1. e4 c5 2. Nf3 e6 3. d3 Nc6 4. g3 d5 5. Nbd2 Nf6 6. Bg2 Be7 7. O-O b6 8. Re1
Bb7 9. a3 Qc7 10. c3 h6 11. exd5 Nxd5 12. Nc4 Bf6 13. Qe2 O-O-O 14. Bd2 b5 15.
Ne3 Nb6 16. Ng4 Be7 17. Bf4 Bd6 18. Bxd6 Rxd6 19. Nd2 f5 20. Ne3 Rhd8 21. Nc2
e5 22. Nb3 c4 23. dxc4 Nxc4 24. Ne3 Nxe3 25. Qxe3 e4 26. Bh3 Qf7 27. Nc5 Qh5
28. Nxb7 Kxb7 29. Bg2 Rd3 30. Qc5 R3d5 31. Qe3 Rd3 32. Qf4 Qg5 33. a4 Qxf4 34.
gxf4 b4 35. cxb4 Nxb4 36. Rac1 a5 37. Rc5 R8d5 38. Rec1 Kb6 39. Rc8 Rd1+ 40.
Rxd1 Rxd1+ 41. Bf1 Nd5 42. Rf8 Kc5 43. Rb8 g5 44. fxg5 hxg5 45. Rg8 e3 46. fxe3
Nxe3 47. Kf2 Rxf1+ 48. Kxe3 g4 49. Ke2 Rf3 50. h4 Kd4 51. Rd8+ Ke4 52. Rc8 Rb3
53. h5 Rxb2+ 54. Kf1 Rh2 55. Rc5 g3 56. Rc4+ Kf3 57. Rc3+ Kg4 58. Rc5 Rxh5 59.
Kg1 {...} 0-1

[Event "28th WSCC2018 - Open 65+"]
[Site "Bled"]
[Date "2018.11.28"]
[Round "10.18"]
[White "Srebrnic, Vojko"]
[Black "Rovira Mas, Jorge"]
[Result "1-0"]
[WhiteElo "2140"]
[BlackElo "2290"]
[PlyCount "164"]
[EventDate "2018.11.18"]

1. e4 c6 2. d4 d6 3. Nc3 Qc7 4. f4 g6 5. Nf3 Bg7 6. Bd3 b5 7. Be3 Bg4 8. h3
Bxf3 9. Qxf3 Nd7 10. O-O Rb8 11. e5 b4 12. Ne4 d5 13. Nd2 e6 14. Nb3 Ne7 15. a3
O-O 16. axb4 Rxb4 17. Bd2 Rbb8 18. Qf2 f6 19. Ba5 Qc8 20. exf6 Bxf6 21. Qe1 Kf7
22. Bb4 Ra8 23. c3 Re8 24. Ba6 Qc7 25. Qf2 Nc8 26. Nd2 Nd6 27. Bd3 a5 28. Ba3
Nb5 29. Nf3 Nxa3 30. Rxa3 Kg7 31. Qd2 c5 32. Bb5 Rec8 33. Bxd7 Qxd7 34. Rfa1
cxd4 35. cxd4 Rc4 36. Ne5 Bxe5 37. fxe5 Rac8 38. Rxa5 Qe7 39. Ra7 R8c7 40. Rxc7
Rxc7 41. Rf1 Qh4 42. Qb4 h5 43. Qf8+ Kh7 44. Rf7+ Rxf7 45. Qxf7+ Kh6 46. Qf2
Qe4 47. h4 Kh7 48. Kh2 Kg7 49. g3 Qb1 50. Qd2 Kf8 51. Qh6+ Ke8 52. Qd2 Kd7 53.
Qc3 Qf1 54. Qd2 Qb1 55. Kg2 Qe4+ 56. Kf2 Qh1 57. Qc3 Qe4 58. b4 Qb1 59. Ke3
Qe4+ 60. Kd2 Qb1 61. Qa3 Kd8 62. Qa8+ Ke7 63. Qb7+ Kf8 64. Qc8+ Kg7 65. Qc3 Kh7
66. Qa3 Kh6 67. Qe3+ Kh7 68. Qc3 Kh6 69. Ke2 Kh7 70. Qd2 Kg7 71. Kf2 Kh7 72.
Kg2 Kg7 73. Qc3 Kh6 74. Kh2 Kh7 75. Qf3 Qxb4 76. Qf7+ Kh6 77. Qg8 Qe7 78. Kh3
Qg7 79. Qxe6 Qb7 80. Qg8 Qe7 81. Qh8+ Qh7 82. Qxh7+ Kxh7 1-0

[Event "28th WSCC2018 - Open 65+"]
[Site "Bled"]
[Date "2018.11.28"]
[Round "10.19"]
[White "Ackermann, Hans Werner"]
[Black "Van Oosten, Arend"]
[Result "1-0"]
[WhiteElo "2272"]
[BlackElo "2137"]
[PlyCount "57"]
[EventDate "2018.11.18"]

1. Nf3 e6 2. g3 f5 3. Bg2 Nf6 4. c4 Be7 5. O-O O-O 6. d3 d6 7. Nc3 Nc6 8. a3
Qe8 9. e3 Bd7 10. b4 a6 11. Bb2 Qh5 12. b5 Na5 13. Nd2 Qh6 14. Rb1 axb5 15.
cxb5 g5 16. Re1 f4 17. exf4 gxf4 18. Nde4 d5 19. Nxf6+ Bxf6 20. Qg4+ Qg6 21.
Bh3 fxg3 22. hxg3 Qxg4 23. Bxg4 Rae8 24. Ne2 Bxb2 25. Rxb2 Rf6 26. Nf4 b6 27.
Rc1 c5 28. bxc6 Nxc6 29. Nxd5 1-0

[Event "28th WSCC2018 - Open 65+"]
[Site "Bled"]
[Date "2018.11.28"]
[Round "10.21"]
[White "Yakimenko, Alexander A"]
[Black "Herbrechtsmeier, Christof"]
[Result "1-0"]
[WhiteElo "2125"]
[BlackElo "2247"]
[PlyCount "81"]
[EventDate "2018.11.18"]

1. e4 c5 2. Nf3 g6 3. Nc3 Bg7 4. Bc4 Nc6 5. O-O e6 6. Re1 d6 7. d3 Nge7 8. a3
O-O 9. Bg5 h6 10. Bh4 a6 11. Rb1 b5 12. Ba2 Rb8 13. h3 Bd7 14. Qd2 g5 15. Bg3
e5 16. h4 g4 17. Nh2 Kh7 18. Nf1 b4 19. axb4 cxb4 20. Nd5 Nxd5 21. Bxd5 Ne7 22.
Bc4 f5 23. exf5 Nxf5 24. c3 a5 25. Ne3 h5 26. Nxf5 Bxf5 27. Rbd1 Bh6 28. Qe2
Qb6 29. d4 e4 30. Bd5 Rbe8 31. Qc4 bxc3 32. Qxc3 Rf6 33. Ra1 Rc8 34. Qxa5 Qxd4
35. Rad1 Qxb2 36. Bxe4 Bxe4 37. Rxe4 Kg6 38. Qd5 Qc2 39. Kh2 Qc6 40. Qd3 Qc2
41. Rxg4+ 1-0

[Event "28th WSCC2018 - Open 65+"]
[Site "Bled"]
[Date "2018.11.28"]
[Round "10.22"]
[White "Praznik, Anton"]
[Black "Franzen, Jozef"]
[Result "1/2-1/2"]
[WhiteElo "2104"]
[BlackElo "2239"]
[PlyCount "37"]
[EventDate "2018.11.18"]

1. e4 e5 2. Nf3 Nc6 3. Bb5 a6 4. Ba4 Nf6 5. O-O Be7 6. Bxc6 dxc6 7. d3 Nd7 8.
Nbd2 O-O 9. Nc4 f6 10. Nh4 Nc5 11. Qf3 Ne6 12. Nf5 Nd4 13. Nxd4 Qxd4 14. Be3
Qd7 15. Qg3 Bd6 16. f4 exf4 17. Bxf4 Bxf4 18. Rxf4 Qe7 19. Raf1 1/2-1/2

[Event "28th WSCC2018 - Open 65+"]
[Site "Bled"]
[Date "2018.11.28"]
[Round "10.23"]
[White "Harestad, Thor Geir"]
[Black "Myall, Ivan J"]
[Result "1-0"]
[WhiteElo "2239"]
[BlackElo "1995"]
[PlyCount "117"]
[EventDate "2018.11.18"]

1. Nf3 d5 2. c4 d4 3. g3 Nc6 4. Bg2 e5 5. d3 Bb4+ 6. Nbd2 Nge7 7. O-O Bxd2 8.
Bxd2 f6 9. b4 Ng6 10. b5 Nce7 11. e3 dxe3 12. Bxe3 O-O 13. Qb3 Kh8 14. d4 e4
15. Nd2 f5 16. f4 a6 17. a4 Bd7 18. d5 axb5 19. axb5 b6 20. Bd4 Ng8 21. Rxa8
Qxa8 22. Ra1 Qb8 23. Qb4 Nf6 24. Bf1 Bc8 25. h4 Rf7 26. Be2 Bb7 27. Nf1 Ng4 28.
Bxg4 fxg4 29. Re1 Bc8 30. h5 c5 31. bxc6 Nxf4 32. Rxe4 Nh3+ 33. Kg2 Bf5 34. Re1
h6 35. Qxb6 Qa8 36. Qb2 Bd3 37. c7 Rxc7 38. Qb6 Bxc4 39. Qxh6+ Kg8 40. Qe6+ Kh8
41. Qxg4 Qxd5+ 42. Kh2 Ng5 43. Nd2 Ne6 44. Nf3 Bb3 45. h6 Rc2+ 46. Kh3 Qxf3 47.
hxg7+ Kg8 48. Qxf3 Ng5+ 49. Kg4 Nxf3 50. Kxf3 Rc8 51. Kf4 Kf7 52. Rb1 Bd5 53.
Rb5 Be6 54. Rb6 Rd8 55. Be5 Bd5 56. Kg5 Re8 57. Bb2 Re6 58. Rb5 Rg6+ 59. Kf5
1-0

[Event "28th WSCC2018 - Open 65+"]
[Site "Bled"]
[Date "2018.11.28"]
[Round "10.24"]
[White "Leskovar, Mario"]
[Black "Anguera Maestro, Jaime"]
[Result "1-0"]
[WhiteElo "2242"]
[BlackElo "2072"]
[PlyCount "101"]
[EventDate "2018.11.18"]

1. b3 d5 2. Bb2 c5 3. e3 Nc6 4. Bb5 Bd7 5. f4 a6 6. Bxc6 Bxc6 7. Nf3 Nf6 8. Ne5
e6 9. Nxc6 bxc6 10. d3 Be7 11. Nd2 Nd7 12. e4 d4 13. O-O O-O 14. Nc4 f6 15. Bc1
Nb6 16. Na5 Qc7 17. Bd2 Rad8 18. Qf3 Rf7 19. Rae1 Rc8 20. Kh1 Bf8 21. f5 exf5
22. Qxf5 Bd6 23. Rf3 Qd7 24. Qh5 Qe6 25. Ref1 Nd7 26. Nc4 Ne5 27. Nxe5 Bxe5 28.
Bf4 Rcf8 29. Kg1 g6 30. Qh4 g5 31. Qg3 h6 32. h4 g4 33. h5 Rg7 34. R3f2 Rgf7
35. Bxe5 Qxe5 36. Qxg4+ Rg7 37. Qh4 Rg5 38. Rf5 Qe7 39. Qf4 Qg7 40. Rxg5 fxg5
41. Qg4 Rxf1+ 42. Kxf1 Qf7+ 43. Kg1 Kg7 44. Qf3 Qe6 45. Kf2 a5 46. Qf5 Qd6 47.
e5 Qf8 48. Qxf8+ Kxf8 49. Kf3 Ke7 50. Ke4 Ke6 51. g4 1-0

[Event "28th WSCC2018 - Open 65+"]
[Site "Bled"]
[Date "2018.11.28"]
[Round "10.25"]
[White "Vepkhvishvili, Varlam"]
[Black "Baum, Bernd"]
[Result "1-0"]
[WhiteElo "2073"]
[BlackElo "2252"]
[PlyCount "93"]
[EventDate "2018.11.18"]

1. d4 d5 2. c3 Nf6 3. Bf4 c5 4. e3 Nc6 5. Nd2 Qb6 6. Qb3 c4 7. Qc2 Bg4 8. f3
Bh5 9. e4 Bg6 10. Qc1 e6 11. e5 Nd7 12. Bg3 Be7 13. f4 f6 14. Ngf3 fxe5 15.
fxe5 Qd8 16. Be2 h5 17. h4 b5 18. Bf4 Qb6 19. Ng5 Nf8 20. Nf1 b4 21. Ng3 bxc3
22. bxc3 Qa5 23. O-O Ba3 24. Qe1 Bb2 25. Rc1 Bxc1 26. Bxc1 Ne7 27. Rxf8+ Kxf8
28. Nxe6+ Kg8 29. Nf4 Rf8 30. Nxg6 Nxg6 31. Nxh5 Ne7 32. Bg5 Nf5 33. e6 Qc7 34.
g4 Ne7 35. Kg2 Qd6 36. Bf3 Rb8 37. Bf4 Rb2+ 38. Kg3 Qd8 39. Qe5 Rh7 40. Qg5
Rxh5 41. Qxh5 Qf8 42. Bxd5 Rc2 43. Be4 Rxc3+ 44. Kg2 g6 45. Bxg6 Nxg6 46. Qxg6+
Qg7 47. h5 1-0

[Event "28th WSCC2018 - Open 65+"]
[Site "Bled"]
[Date "2018.11.28"]
[Round "10.26"]
[White "Hardicsay, Peter"]
[Black "Rositsan, Boris"]
[Result "1/2-1/2"]
[WhiteElo "2223"]
[BlackElo "2077"]
[Annotator "uporabnik"]
[PlyCount "44"]
[EventDate "2018.11.18"]

1. e4 e5 2. Nf3 Nc6 3. Bb5 a6 4. Ba4 Nf6 5. O-O Be7 6. Re1 b5 7. Bb3 O-O 8. c3
d5 9. exd5 Nxd5 10. Nxe5 Nxe5 11. Rxe5 c6 12. d3 Bd6 13. Re2 Qh4 14. g3 Qh5 15.
Nd2 Bg4 16. f3 Bxf3 17. Nxf3 Qxf3 18. Rf2 Qxd1+ 19. Bxd1 f5 20. Bb3 Kh8 21. Bf4
Bxf4 22. gxf4 Rae8 {....} 1/2-1/2

[Event "28th WSCC2018 - Open 65+"]
[Site "Bled"]
[Date "2018.11.28"]
[Round "10.27"]
[White "Furman, Boris"]
[Black "Tsynman, Boris"]
[Result "0-1"]
[WhiteElo "2206"]
[BlackElo "2074"]
[PlyCount "108"]
[EventDate "2018.11.18"]

1. d4 Nf6 2. c4 g6 3. Nc3 Bg7 4. Nf3 O-O 5. Bg5 d6 6. e3 Na6 7. Bd3 c5 8. d5
Nc7 9. e4 Bg4 10. h3 Bxf3 11. Qxf3 a6 12. O-O Rb8 13. a4 b6 14. Qe2 h6 15. Bh4
e5 16. g4 Qd7 17. Bg3 h5 18. f4 hxg4 19. hxg4 Qxg4 20. Qxg4 Nxg4 21. f5 Bh6 22.
Bh4 Be3+ 23. Kg2 g5 24. Be2 Nf6 25. Kf3 Bf4 26. Rg1 Nh7 27. Rab1 Kg7 28. Be1 a5
29. Bf2 Rh8 30. Rh1 Nf6 31. Rbg1 Rxh1 32. Rxh1 Rh8 33. Rxh8 Kxh8 34. Be1 Kg7
35. Nd1 Kh6 36. Nf2 Kh5 37. Kg2+ Kh6 38. Ng4+ Nxg4 39. Bxg4 Ne8 40. Kf3 Nf6 41.
b3 Nh5 42. Bh3 Bc1 43. Bf1 Nf6 44. Bd3 g4+ 45. Kg2 Kg5 46. Bg3 Bf4 47. Be1 Kh5
48. Bf2 Nh7 49. Bc2 Ng5 50. Bb1 Nf3 51. Bd3 Kg5 52. Bg3 Bxg3 53. Kxg3 Nd2 54.
Bc2 f6 0-1

[Event "28th WSCC2018 - Open 65+"]
[Site "Bled"]
[Date "2018.11.28"]
[Round "10.28"]
[White "Pfitzer, Norbert"]
[Black "Hartung-Nielsen, Jens"]
[Result "0-1"]
[WhiteElo "2066"]
[BlackElo "2186"]
[PlyCount "50"]
[EventDate "2018.11.18"]

1. Nf3 c5 2. c4 g6 3. Nc3 Bg7 4. e3 Nf6 5. Be2 O-O 6. O-O Nc6 7. h3 d5 8. cxd5
Nxd5 9. a3 e5 10. Qc2 b6 11. Bc4 Nde7 12. Rd1 Bb7 13. Rb1 Rc8 14. d3 a6 15. e4
Nd4 16. Qd2 b5 17. Ba2 b4 18. Nxd4 bxc3 19. bxc3 exd4 20. Rxb7 dxc3 21. Qf4 Rb8
22. Bxf7+ Kh8 23. Rxb8 Qxb8 24. Qxb8 Rxb8 25. Bf4 Rf8 0-1

[Event "28th WSCC2018 - Open 65+"]
[Site "Bled"]
[Date "2018.11.28"]
[Round "10.29"]
[White "Karnaukh, Anatolij"]
[Black "Kierzek, Matthias"]
[Result "1/2-1/2"]
[WhiteElo "2053"]
[BlackElo "2182"]
[PlyCount "62"]
[EventDate "2018.11.18"]

1. d4 d5 2. c4 c6 3. Nf3 Nf6 4. Nc3 dxc4 5. a4 Bf5 6. e3 e6 7. Bxc4 Bb4 8. O-O
Nbd7 9. Qe2 Bg6 10. Rd1 O-O 11. Bd3 Bxd3 12. Qxd3 Qa5 13. Ne4 Rfd8 14. Bd2 Nxe4
15. Qxe4 Nf6 16. Qc2 Bxd2 17. Qxd2 Qd5 18. Qb4 Rab8 19. Rdc1 Ne4 20. Qc4 a5 21.
Qxd5 exd5 22. Rc2 Kf8 23. Ne5 f6 24. Nd3 Ke7 25. Kf1 Kd6 26. Ke2 Ng5 27. g4
Rbc8 28. Nf4 Ke7 29. Rac1 Ra8 30. h4 Ne4 31. Nd3 Nd6 1/2-1/2

[Event "28th WSCC2018 - Open 65+"]
[Site "Bled"]
[Date "2018.11.28"]
[Round "10.30"]
[White "Nukin, Tolegen"]
[Black "Archangelsky, Mikhail"]
[Result "0-1"]
[WhiteElo "2171"]
[BlackElo "2043"]
[PlyCount "134"]
[EventDate "2018.11.18"]

1. e4 e6 2. d4 d5 3. exd5 exd5 4. c4 Nf6 5. Nc3 Be6 6. cxd5 Nxd5 7. Bd3 Nc6 8.
Nge2 Be7 9. a3 O-O 10. O-O Bf6 11. Bc2 a6 12. Ne4 Bf5 13. Qd3 Bxe4 14. Qxe4 g6
15. Rd1 Qd7 16. Bh6 Rfe8 17. Qf3 Nce7 18. Nc3 c6 19. Ne4 Bg7 20. Nc5 Qc7 21.
Bg5 b6 22. Na4 Rab8 23. Rac1 h6 24. Bh4 Qf4 25. Qh3 Rb7 26. Bg3 Qg5 27. Nc3 Nf4
28. Bxf4 Qxf4 29. Qd3 a5 30. Qa6 Qb8 31. Be4 Rd7 32. Qc4 Red8 33. Ne2 c5 34. b4
axb4 35. axb4 Bxd4 36. Qb3 Qe5 37. Bd3 Qf6 38. Rf1 Kg7 39. Bb5 Rd6 40. Ng3 Qf4
41. Rce1 Nd5 42. bxc5 bxc5 43. Ne2 Qf6 44. Bc4 Nf4 45. Nxf4 Qxf4 46. g3 Qf5 47.
Kg2 Rf6 48. Re7 h5 49. h4 Rf8 50. Bd5 Qc8 51. Qc4 Qd8 52. Ra7 Qb6 53. Rb7 Qa5
54. Rb3 Qd2 55. Rf3 Rxf3 56. Kxf3 Re8 57. Qa2 Qd3+ 58. Kg2 Re2 59. Qa7 Qf5 60.
Bf3 Rd2 61. Qa4 Qc2 62. Qxc2 Rxc2 63. Be4 Rd2 64. Bf3 c4 65. g4 hxg4 66. Bxg4
c3 67. Bf3 c2 0-1

[Event "28th WSCC2018 - Open 65+"]
[Site "Bled"]
[Date "2018.11.28"]
[Round "10.31"]
[White "Goncharov, Viktor"]
[Black "Vinke, Dietmar"]
[Result "1/2-1/2"]
[WhiteElo "2048"]
[BlackElo "2163"]
[PlyCount "85"]
[EventDate "2018.11.18"]

1. d4 Nf6 2. c4 g6 3. Nc3 Bg7 4. e4 d6 5. f3 O-O 6. Be3 Nc6 7. Nge2 a6 8. Qd2
Rb8 9. Bh6 Bxh6 10. Qxh6 e5 11. d5 Na5 12. Ng1 c5 13. h4 Ne8 14. g4 f6 15. Nh3
Qe7 16. Be2 Bd7 17. Qd2 b5 18. Nxb5 Nxc4 19. Bxc4 axb5 20. Be2 Ng7 21. b3 Ra8
22. Rc1 Ra3 23. Nf2 Rfa8 24. Rc2 Be8 25. Nd3 b4 26. Nc1 R3a7 27. Rh2 Bd7 28.
Bc4 Rf8 29. Nd3 f5 30. gxf5 gxf5 31. Nxc5 fxe4 32. Nxd7 Qxd7 33. fxe4 Qg4 34.
Qg2 Rf4 35. Qxg4 Rxg4 36. Bd3 Nh5 37. Rhg2 Rxg2 38. Rxg2+ Kf7 39. Bb1 Rc7 40.
Rc2 Rxc2 41. Bxc2 Nf4 42. Kf2 Kg6 43. Bd1 1/2-1/2

[Event "28th WSCC2018 - Open 65+"]
[Site "Bled"]
[Date "2018.11.28"]
[Round "10.32"]
[White "Valenti, Giuseppe"]
[Black "Raikin, Leonid"]
[Result "1/2-1/2"]
[WhiteElo "2003"]
[BlackElo "2144"]
[PlyCount "56"]
[EventDate "2018.11.18"]

1. g3 d5 2. Bg2 c6 3. e3 Bf5 4. d3 Nf6 5. Nd2 h6 6. Ne2 Nbd7 7. b3 e6 8. Bb2
Bc5 9. h3 O-O 10. e4 dxe4 11. dxe4 Bh7 12. e5 Nd5 13. O-O Qc7 14. Nf3 Nb4 15.
a3 Nd5 16. c4 N5b6 17. Nf4 a5 18. Qe2 Rfd8 19. Nd2 Be7 20. Ne4 Nxe5 21. c5 Nbd7
22. Rfd1 Bxe4 23. Qxe4 Bxc5 24. Rxd7 Nxd7 25. Nxe6 fxe6 26. Qxe6+ Kf8 27. Qf5+
Kg8 28. Qe6+ Kf8 1/2-1/2

[Event "28th WSCC2018 - Open 65+"]
[Site "Bled"]
[Date "2018.11.28"]
[Round "10.34"]
[White "Green, Per"]
[Black "Malmdin, Nils-Ake"]
[Result "1/2-1/2"]
[WhiteElo "1919"]
[BlackElo "2126"]
[PlyCount "92"]
[EventDate "2018.11.18"]

1. Nf3 g6 2. e4 Bg7 3. d4 c5 4. c3 cxd4 5. cxd4 d5 6. e5 Nh6 7. h3 Bf5 8. Qb3
Qd7 9. Nc3 Nc6 10. Be3 Rd8 11. Na4 O-O 12. Nc5 Qc7 13. Rc1 b6 14. Na6 Qb7 15.
Qc3 Bd7 16. Qd2 Nf5 17. Bf4 Rc8 18. Rc3 f6 19. Be2 fxe5 20. dxe5 d4 21. Rc1 Be6
22. b4 d3 23. Bxd3 Ncd4 24. Nxd4 Rxc1+ 25. Qxc1 Qxg2 26. Nxe6 Qxh1+ 27. Kd2
Qxc1+ 28. Kxc1 Rc8+ 29. Kd2 Bh6 30. Bxh6 Nxh6 31. Nac7 Nf5 32. Ba6 Rb8 33. Kd3
Ng7 34. Bc4 Nxe6 35. Nxe6 h6 36. f4 a5 37. b5 Kh7 38. Bd5 Rc8 39. Bc6 Kg8 40.
Kd4 Kf7 41. Kd5 Kg8 42. h4 Kf7 43. Nd4 Rd8+ 44. Ke4 e6 45. Bb7 Rd7 46. Bc6 Rd8
1/2-1/2

[Event "28th WSCC2018 - Open 65+"]
[Site "Bled"]
[Date "2018.11.28"]
[Round "10.35"]
[White "Gundersen, Helge"]
[Black "Pitzl, Konstantinos"]
[Result "1/2-1/2"]
[WhiteElo "2109"]
[BlackElo "2020"]
[PlyCount "23"]
[EventDate "2018.11.18"]

1. b3 Nf6 2. Bb2 g6 3. f4 Bg7 4. Nf3 O-O 5. g3 d6 6. Bg2 c6 7. O-O Nbd7 8. c4
Qc7 9. Nc3 e5 10. fxe5 dxe5 11. Qc2 Re8 12. e4 1/2-1/2

[Event "28th WSCC2018 - Open 65+"]
[Site "Bled"]
[Date "2018.11.28"]
[Round "10.36"]
[White "Siegmund, Rainer"]
[Black "Andreas, Guenter"]
[Result "1/2-1/2"]
[WhiteElo "2102"]
[BlackElo "1967"]
[PlyCount "53"]
[EventDate "2018.11.18"]

1. d4 Nf6 2. c4 c5 3. d5 e5 4. Nc3 d6 5. e4 Be7 6. Nf3 a6 7. Be2 O-O 8. O-O Ne8
9. h3 f5 10. exf5 Bxf5 11. Bd3 g6 12. Qe2 Nd7 13. Bh6 Rf7 14. Ne4 Bxe4 15. Bxe4
Ng7 16. Bxg7 Kxg7 17. Rab1 Qa5 18. a3 Rb8 19. Qe3 Qc7 20. Rfc1 Rbf8 21. Rc2 Rf4
22. g3 R4f7 23. Kg2 Kg8 24. h4 Nf6 25. Nh2 Nxe4 26. Qxe4 Bf6 27. Ng4 1/2-1/2